<?xml version="1.0" encoding="UTF-8"?>
<record
    xmlns:xsi="http://www.w3.org/2001/XMLSchema-instance"
    xsi:schemaLocation="http://www.loc.gov/MARC21/slim http://www.loc.gov/standards/marcxml/schema/MARC21slim.xsd"
    xmlns="http://www.loc.gov/MARC21/slim">

  <leader>01665nam a22003737a 4500</leader>
  <datafield tag="999" ind1=" " ind2=" ">
    <subfield code="c">844</subfield>
    <subfield code="d">844</subfield>
  </datafield>
  <controlfield tag="003">AR-CdUCM</controlfield>
  <controlfield tag="008">190225b           ||||| |||| 00| 0 spa d</controlfield>
  <datafield tag="040" ind1=" " ind2=" ">
    <subfield code="a">MUNICIPALIDAD PROVINCIAL DEL CUSCO</subfield>
    <subfield code="c">BIBLIOTECA MUNICIPAL DEL CUSCO</subfield>
  </datafield>
  <datafield tag="082" ind1=" " ind2=" ">
    <subfield code="a">985.6 /</subfield>
    <subfield code="b">R21</subfield>
  </datafield>
  <datafield tag="100" ind1=" " ind2=" ">
    <subfield code="a">Ramos, Gabriela</subfield>
  </datafield>
  <datafield tag="245" ind1=" " ind2=" ">
    <subfield code="a">Catolicismo y extirpaci&#xF3;n de idolatrias siglos XVI-XVIII /</subfield>
  </datafield>
  <datafield tag="260" ind1=" " ind2=" ">
    <subfield code="a">Cusco :</subfield>
    <subfield code="b">Centro Bartolome de las Casas,</subfield>
    <subfield code="c">1993.</subfield>
  </datafield>
  <datafield tag="300" ind1=" " ind2=" ">
    <subfield code="a">482 p&#xE1;ginas ;</subfield>
    <subfield code="c">21 cm.</subfield>
  </datafield>
  <datafield tag="440" ind1=" " ind2=" ">
    <subfield code="a">Cuadernos para la historia de la evangelizaci&#xF3;n en Am&#xE9;rica Latina</subfield>
    <subfield code="n">5</subfield>
    <subfield code="9">3202</subfield>
  </datafield>
  <datafield tag="505" ind1=" " ind2=" ">
    <subfield code="a">Contenido: Idolos, figuras, imagenes. La representaci&#xF3;n como discurso ideol&#xF3;gico -- La idolatr&#xED;a, s&#xED;mbolo de Am&#xE9;rica en Calderon de la Barca -- Experiencias evangelizadoras en los Andes en siglo XVI: &#xBF;Qui&#xE9;n pag&#xF3; las consecuencias? -- Idolatr&#xED;as en Charas (1560-1620): datos sobre su existencia como paso previo para la valoraci&#xF3;n del tema de su extirpaci&#xF3;n ...</subfield>
  </datafield>
  <datafield tag="650" ind1=" " ind2=" ">
    <subfield code="a">Evangelizaci&#xF3;n</subfield>
    <subfield code="9">3112</subfield>
  </datafield>
  <datafield tag="650" ind1=" " ind2=" ">
    <subfield code="a">Andes</subfield>
    <subfield code="9">319</subfield>
  </datafield>
  <datafield tag="650" ind1=" " ind2=" ">
    <subfield code="a">Siglo XVI</subfield>
    <subfield code="9">326</subfield>
  </datafield>
  <datafield tag="700" ind1=" " ind2=" ">
    <subfield code="a">Urbano, Henrique (compilador)</subfield>
    <subfield code="9">3203</subfield>
  </datafield>
  <datafield tag="700" ind1=" " ind2=" ">
    <subfield code="a">Garc&#xED;a Alvarez, C&#xE9;sar</subfield>
    <subfield code="9">3204</subfield>
  </datafield>
  <datafield tag="700" ind1=" " ind2=" ">
    <subfield code="a">Castell&#xF3;, Vidal</subfield>
    <subfield code="9">3205</subfield>
  </datafield>
  <datafield tag="700" ind1=" " ind2=" ">
    <subfield code="a">Barnadas, Josep M.</subfield>
    <subfield code="9">3206</subfield>
  </datafield>
  <datafield tag="700" ind1=" " ind2=" ">
    <subfield code="a">Gutierrez Arbul&#xFA;, Laura</subfield>
    <subfield code="9">3207</subfield>
  </datafield>
  <datafield tag="700" ind1=" " ind2=" ">
    <subfield code="a">Guibovich P&#xE9;rez, Pedro</subfield>
    <subfield code="9">3208</subfield>
  </datafield>
  <datafield tag="700" ind1=" " ind2=" ">
    <subfield code="a">Garc&#xED;a, Juan Carlos</subfield>
    <subfield code="9">3209</subfield>
  </datafield>
  <datafield tag="700" ind1=" " ind2=" ">
    <subfield code="a">S&#xE1;nchez, Ana</subfield>
    <subfield code="9">3210</subfield>
  </datafield>
  <datafield tag="700" ind1=" " ind2=" ">
    <subfield code="a">Bautista Lassegue, Juan</subfield>
    <subfield code="9">3211</subfield>
  </datafield>
  <datafield tag="700" ind1=" " ind2=" ">
    <subfield code="a">Castro, Victoria</subfield>
    <subfield code="9">3212</subfield>
  </datafield>
  <datafield tag="700" ind1=" " ind2=" ">
    <subfield code="a">Aramoni Calder&#xF3;n, Dolores</subfield>
    <subfield code="9">3213</subfield>
  </datafield>
  <datafield tag="700" ind1=" " ind2=" ">
    <subfield code="a">Viqueira, Juan Pedro</subfield>
    <subfield code="9">3214</subfield>
  </datafield>
  <datafield tag="700" ind1=" " ind2=" ">
    <subfield code="a">Esponera Cerd&#xE1;n, Alfonso</subfield>
    <subfield code="9">3215</subfield>
  </datafield>
  <datafield tag="942" ind1=" " ind2=" ">
    <subfield code="2">ddc</subfield>
    <subfield code="c">LIBROS</subfield>
  </datafield>
  <datafield tag="945" ind1=" " ind2=" ">
    <subfield code="a">afb</subfield>
    <subfield code="d">2019-02-25</subfield>
  </datafield>
  <datafield tag="952" ind1=" " ind2=" ">
    <subfield code="0">0</subfield>
    <subfield code="2">ddc</subfield>
    <subfield code="4">0</subfield>
    <subfield code="7">0</subfield>
    <subfield code="a">SH</subfield>
    <subfield code="b">SH</subfield>
    <subfield code="c">CART</subfield>
    <subfield code="d">2019-02-25</subfield>
    <subfield code="g">40.00</subfield>
    <subfield code="o">985.6 / R21</subfield>
    <subfield code="p">SH0000001002</subfield>
    <subfield code="r">2019-02-25</subfield>
    <subfield code="y">LIBROS</subfield>
  </datafield>
</record>
